| 000 | 00624nam a22002177a 4500 | ||
|---|---|---|---|
| 999 |
_c1700 _d1700 |
||
| 001 | 13725 | ||
| 003 | BD-DhUAP | ||
| 005 | 20200212121106.0 | ||
| 008 | 200212s2010 bg ||||| |||| 00| 0 eng d | ||
| 040 |
_aBD-DhUAP _bEng _cBD-DhUAP _dBD-DhUAP |
||
| 082 |
_223 _a347.549206 ISL |
||
| 100 | _aIslam, Md. Shafique. | ||
| 245 |
_aThe evidence act, 1872 : _bact 1 of 1872 / _cMd. Shafique Islam |
||
| 250 | _a3rd ed. | ||
| 260 |
_aDhaka : _bShams publiscations, _cc2010. |
||
| 300 |
_a83 pages ; _c23 cm. |
||
| 500 | _aAs modified upto date. | ||
| 650 |
_aEvidence Act _zBangladesh. |
||
| 650 | _aEvidence (Law). | ||
| 942 |
_2ddc _cBK |
||